Catálogo
 En Linea

Bibliografía económica dominicana 2013-2014. (Registro nro. 46340)

Detalles MARC
000 -CABECERA
campo de control de longitud fija 01029nam a2200241 a 4500
001 - NÚMERO DE CONTROL
campo de control 000046851
005 - FECHA Y HORA DE LA ÚLTIMA TRANSACCIÓN
campo de control 20201002053146.0
008 - DATOS DE LONGITUD FIJA--INFORMACIÓN GENERAL
campo de control de longitud fija 180403s2015 dr r 000 0 spa d
040 ## - FUENTE DE LA CATALOGACIÓN
Centro catalogador/agencia de origen DO-SdBNP
Lengua de catalogación spa
Centro/agencia transcriptor BNPHU
082 ## - NÚMERO DE LA CLASIFICACIÓN DECIMAL DEWEY
Número de clasificación R 016.33097293
Número de documento/Ítem B528e, 2015
245 00 - MENCIÓN DE TÍTULO
Título Bibliografía económica dominicana 2013-2014.
260 ## - PUBLICACIÓN, DISTRIBUCIÓN, ETC.
Lugar de publicación, distribución, etc. Santo Domingo :
Nombre del editor, distribuidor, etc. Banco Central de la República Dominicana,
Fecha de publicación, distribución, etc. 2015.
300 ## - DESCRIPCIÓN FÍSICA
Extensión xxxiv, 525 p. ;
Dimensiones 24 cm.
490 1# - MENCIÓN DE SERIE
Mención de serie Banco Central de la República Dominicana,
Designación de volumen o secuencia 219
490 1# - MENCIÓN DE SERIE
Mención de serie Bibliografía
Designación de volumen o secuencia 14
500 ## - NOTA GENERAL
Nota general Incluye índice de autores
590 ## - NOTA LOCAL (RLIN)
Nota local Inventariado, 2019/BT
651 #4 - PUNTO DE ACCESO ADICIONAL DE MATERIA--NOMBRE GEOGRÁFICO
Nombre geográfico República Dominicana
Subdivisión general Condiciones Económicas
Subdivisión cronológica 2013-2014
Subdivisión de forma BIBLIOGRAFÍAS
9 (RLIN) 74797
651 #4 - PUNTO DE ACCESO ADICIONAL DE MATERIA--NOMBRE GEOGRÁFICO
Nombre geográfico República Dominicana
Subdivisión general Política Económica
Subdivisión cronológica 2013-2014
Subdivisión de forma BIBLIOGRAFÍAS
9 (RLIN) 74798
651 #4 - PUNTO DE ACCESO ADICIONAL DE MATERIA--NOMBRE GEOGRÁFICO
Nombre geográfico República Dominicana
Subdivisión general Política Económica
Subdivisión cronológica 2013-2014
Subdivisión de forma BIBLIOGRAFÍAS
9 (RLIN) 74798
830 #0 - PUNTO DE ACCESO ADICIONAL DE SERIE-TÍTULO UNIFORME
Título uniforme Banco Central de la República Dominicana,
Designación de volumen o secuencia 219
Nombre de parte o sección de la obra Bibliografía
Número de parte o sección de la obra 14
9 (RLIN) 74799
910 ## - DATOS DE OPCIÓN DEL USUARIO (OCLC)
Datos de opción del usuario Validado. Control de calidad MFF
Existencias
Estado de retiro Estado de pérdida No para préstamo Código de colección Localización permanente Ubicación/localización actual Ubicación en estantería Fecha de adquisición Número de inventario Total de préstamos Signatura topográfica completa Código de barras Fecha visto por última vez Precio válido a partir de Tipo de ítem Koha Número de copia Restricciones de uso
    Excluido de préstamo Patrimonio Dominicano Patrimonio Dominicano Patrimonio Dominicano Depósito 03.04.2018 LF1   R 016.33097293 B528e, 2015 46851-10 25.06.2020 25.06.2020 Libro y Folleto Colección Patrimonio Dominicano    
    Excluido de préstamo Patrimonio Dominicano Patrimonio Dominicano Patrimonio Dominicano Depósito 03.04.2018 LF1   R 016.33097293 B528e, 2015 46851-20 25.06.2020 25.06.2020 Libro y Folleto Colección Patrimonio Dominicano e. 2  
      Dominicana de Servicio Patrimonio Dominicano Patrimonio Dominicano Depósito 03.04.2018 LF1   R 016.33097293 B528e, 2015 46851-30 25.06.2020 25.06.2020 Libro y Folleto Colección Dominicana de Servicio e. 3  
      Dominicana de Servicio Patrimonio Dominicano Patrimonio Dominicano Depósito 29.05.2019 LF1   R 016.33097293 B528e, 2015 46851-40 25.06.2020 25.06.2020 Libro y Folleto Colección Dominicana de Servicio e. 4  

Con tecnología Koha